000 00551nam a2200169 i 4500
001 101748
003 ES-MaACL
005 20230906182954.0
007 t|
008 051025s1959 sp ||||1| spa d
100 1 _aMehnert, Klaus.
_979819
245 1 3 _aEl hombre soviético
_b: observaciones y experiencias de doce viajes por la U.R.S.S /
_cKlaus Mehnert; [traducción de Juan Godo Costa].
260 _aBarcelona :
_bNoguer,
_c1959.
300 _a503 p. ;
_c22 cm.
700 1 _aGodo Costa, Juan.
_957532
852 _aES-MaACL
_jC-17215
_bR.45243
999 _c101748
_d101748